000 00414nam a2200157Ia 4500
008 151213s9999 xx 000 0 und d
082 _a004.6
_b004.6
100 _aDuin, Ann Hill
245 _aPartnering in the learning market space
_cDuin, Ann Hill
260 _aSan Francisco
_bJosssey Bass
_c2001
300 _a1772 p.
650 _aComputer
650 _aComputer
700 _aDuin, Ann Hill
999 _c1303
_d1303